000 00772nam a2200289Ia 4500
005 20260324113306.0
008 008 260324s9999 xx 000 0 eng d
020 _a9781003491279
037 _aEBOOK
040 _aCRL
040 _beng
040 _cCRL
041 _2eng
041 _aeng
084 _qCRL
100 _aEduardo G. Pereira; Marianthi Pappa; Damilola S. Olawuyi
_91140732
245 0 _aInternational Approaches to Hydrocarbon Development in Disputed Zones
245 0 _bUnitization and Unit Operating Agreements
260 _bTaylor and Francis
260 _c2024
365 _a
365 _b220
856 _uhttp://www.taylorfrancis.com/books/9781003491279
942 _cEBOOK
999 _c1735759
_d1735759